Indices locupletissimi rerum et nominum quae continentur in opere de servorum dei beatificatione et beatorum canonizatione

Detalles Bibliográficos
Autor principal: Benedicto XIV (Papa)
Formato: Libro
Publicado: s.l. 1766
Materias:
Colección:Banco de datos
Acervo:Biblioteca del Ex Convento de Nuestra Señora de Guadalupe. Zacatecas
Tema general:Hagiografía
Notas:Buena. III,11,9(997). Encuadernado con el supplementum primum y secundum, mismo autor, la portada presenta ex libris manuscrito de Manuel de las Piedras y Alvares. Sin marca de fuego
LEADER 00928nam a22001930004500
035 |a 39302 
036 |a 486 
100 1 |a Benedicto XIV (Papa) 
245 1 0 |a Indices locupletissimi rerum et nominum quae continentur in opere de servorum dei beatificatione et beatorum canonizatione 
260 |a s.l.  |b ed. Remondini Veneto, imp. in typographia Basaniense  |c 1766 
500 |a Buena. III,11,9(997). Encuadernado con el supplementum primum y secundum, mismo autor, la portada presenta ex libris manuscrito de Manuel de las Piedras y Alvares. Sin marca de fuego 
650 1 0 |a Hagiografía 
949 |a CRZ-CG 
959 |a Ex convento de Nuestra Señora de Guadalupe, Museo Regional de Zacatecas, Zacatecas  |b CCC4 
960 |a Convento de Nuestra Señora de Guadalupe, Zacatecas  |b DD87 
961 |a Franciscana  |b OF 
942 |c CRZ-CG 
943 |g Biblioteca del Ex Convento de Nuestra Señora de Guadalupe. Zacatecas 
999 |c 963429  |d 963429